Normal view MARC view

Entry Personal Name

Number of records used in: 2

001 - CONTROL NUMBER

  • control field: 34552

003 - CONTROL NUMBER IDENTIFIER

  • control field: dpl

005 - DATE AND TIME OF LATEST TRANSACTION

  • control field: 20110906144212.0

008 - FIXED-LENGTH DATA ELEMENTS

  • fixed length control field: 110906|||a|||||| | ||| d

040 ## - CATALOGING SOURCE

  • Original cataloging agency: dpl
  • Transcribing agency: dpl

100 ## - HEADING--PERSONAL NAME

  • Personal name: Esselstyn, Caldwell B.,
  • Dates associated with a name: 1933-

670 ## - SOURCE DATA FOUND

  • Source citation: Work cat.: (dpl)0: Esselstyn, Caldwell B., 1933-, Prevent and reverse heart disease :, c2007.

670 ## - SOURCE DATA FOUND

  • Source citation: Work cat.: (dpl)0: Esselstyn, Caldwell B., 1933-, Prevent and reverse heart disease :, c2007.

© Delhi Public Library
Hit Counter
free hit counter